| 000 | nam a22 a 4500 | ||
|---|---|---|---|
| 999 |
_c430993 _d430993 |
||
| 003 | BLK | ||
| 005 | 20210902151028.0 | ||
| 008 | 210710b bu |||||r|||| 00| | bu d | ||
| 040 | _aBLK | ||
| 041 |
_aFRE _cFRE |
||
| 080 |
_aОбща световна история. История на света _b94(100) _z94(100) |
||
| 100 |
_91299 _aChateaubriand, Francois-Rene de _eпърви автор |
||
| 139 | _aChateaubriand, Francois-Rene de | ||
| 245 |
_aMélanges historiques et politiques, suivis de la vie de Rancé _cChateaubriand |
||
| 260 |
_9211270 _aParis _bLibr. Garnier freres _c1874 |
||
| 300 |
_c19 cm _a558 p. |
||
| 380 | _a9 | ||
| 650 | 0 |
_9247294 _aПолитически учения - история |
|
| 653 | 7 |
_9187874 _aисторически извори |
|
| 760 |
_aChateaubriand, Francois-Rene de _dParis, 1930 _h192 p. _oT. 3 Memoires d outre-tombe _tOeuvres choisies |
||
| 852 |
_aЦб 8.180.49388 _bЦб |
||
| 942 |
_cKNG _n0 _s1 |
||
| 944 |
_aCR _c2021-09-02 _kBT |
||
| 999 | _d423492 | ||
| 999 | _d423491 | ||
| 999 | _d423490 | ||
| 999 | _d423490 | ||
| 999 | _d423490 | ||